[Event "XLII Festival A"]
[Site "Imperia ITA"]
[Date "2000.09.10"]
[Round "9"]
[White "Cugini, Verter"]
[Black "Barlocco, Carlo"]
[WhiteElo "2168"]
[BlackElo "2179"]
[Result "1-0"]
[PlyCount "95"]
[EventDate "2000.09.03"]

1. e4 d5 2. exd5 Nf6 3. d4 Bg4 4. Nf3 Qxd5 5. Be2 Nc6 6. c4 Qd7 7. Be3 e6 8.
Nc3 Be7 9. h3 Bh5 10. d5 Bxf3 11. Bxf3 exd5 12. Nxd5 Nxd5 13. Qxd5 Bb4+ 14. Ke2
Qe7 15. Qb5 O-O 16. Bxc6 bxc6 17. Qxc6 f5 18. g3 Bd6 19. Rad1 f4 20. gxf4 Bxf4
21. Rhg1 Bxe3 22. fxe3 Rae8 23. Rg3 Rf6 24. Qd7 Qf8 25. Rxg7+ Qxg7 26. Qxe8+
Rf8 27. Qe6+ Kh8 28. Rd2 Qg5 29. Qg4 Qxg4+ 30. hxg4 Rf7 31. Rd8+ Kg7 32. Ra8
Kg6 33. b4 Kg5 34. Rg8+ Kh4 35. b5 Kg3 36. a4 c6 37. g5 Kh4 38. g6 hxg6 39.
Rxg6 cxb5 40. axb5 Kh5 41. Rg1 Rc7 42. Kd3 Rd7+ 43. Kc3 Re7 44. Kd4 Rd7+ 45.
Kc5 Rc7+ 46. Kd5 Rd7+ 47. Kc6 Re7 48. c5 1-0

[Event "XLII Festival A"]
[Site "Imperia ITA"]
[Date "2000.09.10"]
[Round "9"]
[White "De Santis, Alessio"]
[Black "Bratanov, Zsivko"]
[WhiteElo "2309"]
[BlackElo "2400"]
[Result "1-0"]
[PlyCount "109"]
[EventDate "2000.09.03"]

1. d4 d6 2. e4 Nf6 3. Bd3 e5 4. Nf3 Nc6 5. dxe5 Nxe5 6. Nxe5 dxe5 7. Bb5+ Nd7
8. Be3 c6 9. Be2 Qh4 10. Nd2 Bc5 11. Bxc5 Nxc5 12. O-O Be6 13. b4 Na4 14. Bd3
a5 15. a3 O-O 16. Nf3 Qf6 17. Qe1 Bg4 18. Nd2 c5 19. bxa5 Rxa5 20. Nc4 Ra7 21.
Ne3 Be6 22. c4 Nb6 23. Qc3 Nc8 24. Rfb1 Bd7 25. Rb3 Qd6 26. Nd5 Ba4 27. Rb2 Bc6
28. Rab1 Ne7 29. Bc2 Ng6 30. g3 Re8 31. Bd1 Rea8 32. Ra1 Nf8 33. Rd2 Re8 34.
Bg4 Qb8 35. Qe3 Ra5 36. Qg5 Ng6 37. Bf5 Ba4 38. h4 Ra6 39. Bxg6 fxg6 40. Qe3
Qc8 41. Nc3 h6 42. Rb1 Bd7 43. Nd5 Be6 44. Rb5 Bxd5 45. Rxd5 b6 46. Qd3 Kh7 47.
Rb3 Qh3 48. Rd6 Re6 49. Rd8 Ra7 50. Rd7 Ra6 51. Qd5 Re8 52. Qb7 Rg8 53. Rf3 Kh8
54. Rf8 Rxf8 55. Rxg7 1-0

[Event "XLII Festival A"]
[Site "Imperia ITA"]
[Date "2000.09.10"]
[Round "9"]
[White "Delanoy, Arnaud"]
[Black "Di Paolo, Raffaele"]
[WhiteElo "2120"]
[BlackElo "2295"]
[Result "0-1"]
[PlyCount "70"]
[EventDate "2000.09.03"]

1. e4 c5 2. Nc3 Nc6 3. Nf3 g6 4. d4 cxd4 5. Nxd4 Bg7 6. Be3 Nf6 7. Nxc6 bxc6 8.
e5 Nd5 9. Nxd5 cxd5 10. Qxd5 Rb8 11. Bxa7 Rxb2 12. Bd4 Rxc2 13. Bd3 e6 14. Qa8
Rc6 15. O-O O-O 16. Bb5 Rc2 17. Bd3 Rd2 18. Qa3 Bb7 19. Be3 Rxd3 20. Qxd3 Qa8
21. f3 Ba6 22. Qxd7 Bxf1 23. Rxf1 Qxa2 24. f4 h5 25. Qa7 Qe2 26. Qd4 Ra8 27.
Qd2 Qb5 28. h3 Ra3 29. Rc1 Rd3 30. Qf2 Bf8 31. Kh2 Qd5 32. Rc2 Qe4 33. Bc5 Bh6
34. g3 h4 35. Re2 hxg3+ 0-1

[Event "XLII Festival A"]
[Site "Imperia ITA"]
[Date "2000.09.10"]
[Round "9"]
[White "Dinser, Hans"]
[Black "Giuliano, Arturo"]
[WhiteElo "2132"]
[BlackElo "1968"]
[Result "0-1"]
[PlyCount "68"]
[EventDate "2000.09.03"]

1. d4 Nf6 2. c4 e5 3. dxe5 Ne4 4. Nf3 Bb4+ 5. Bd2 Qe7 6. Qc2 Nxd2 7. Nbxd2 Nc6
8. a3 Bxd2+ 9. Qxd2 Nxe5 10. Nxe5 Qxe5 11. e3 O-O 12. Be2 d6 13. Bf3 Be6 14.
Rc1 Rad8 15. O-O c6 16. b4 d5 17. c5 Qg5 18. Qd4 Rfe8 19. Rfe1 Bf5 20. Qd1 h5
21. Bxh5 d4 22. f4 Qh4 23. g3 Qh3 24. Bf3 dxe3 25. Qe2 Bd3 26. Qg2 Qf5 27. h3
Qf6 28. Qa2 Bf5 29. Qb3 Rd3 30. Qc4 Red8 31. h4 Qg6 32. Kh2 Rd2+ 33. Re2 Bd3
34. Qc3 Bxe2 0-1

[Event "XLII Festival A"]
[Site "Imperia ITA"]
[Date "2000.09.10"]
[Round "9"]
[White "Faraci, Antonino"]
[Black "Jacob, Volker"]
[WhiteElo "2111"]
[BlackElo "2267"]
[Result "0-1"]
[PlyCount "88"]
[EventDate "2000.09.03"]

1. e4 e5 2. Nf3 Nc6 3. Bb5 a6 4. Ba4 Nf6 5. O-O b5 6. Bb3 Bb7 7. c3 Nxe4 8. Re1
Nc5 9. Nxe5 Nxe5 10. Rxe5+ Ne6 11. d4 Bd6 12. Rh5 Qf6 13. d5 Nf4 14. Bxf4 Qxf4
15. Qe2+ Kf8 16. Nd2 Re8 17. Qd3 g6 18. g3 Qg4 19. Rh4 Qe2 20. Qxe2 Rxe2 21.
Rd1 Bc5 22. Rf4 f5 23. Kf1 Re7 24. Re1 Rxe1+ 25. Kxe1 Ke7 26. Rf3 Re8 27. Rd3
g5 28. Kf1 Kf6 29. Bd1 g4 30. b3 h5 31. c4 c6 32. dxc6 Bxc6 33. Be2 d6 34. Rc3
Bg2+ 35. Ke1 Bf3 36. Rxf3 gxf3 37. Nxf3 bxc4 38. bxc4 Rb8 39. Nh4 Rb2 40. Bxh5
Rxf2 41. Nf3 Rxa2 42. h4 Bf2+ 43. Kd1 Bxg3 44. Be8 Bf4 0-1

[Event "XLII Festival A"]
[Site "Imperia ITA"]
[Date "2000.09.10"]
[Round "9"]
[White "Giuberchio, Cesare"]
[Black "Pedemonte, Claudio"]
[WhiteElo "1906"]
[BlackElo "2013"]
[Result "0-1"]
[PlyCount "62"]
[EventDate "2000.09.03"]

1. e4 d5 2. exd5 Nf6 3. Bb5+ Bd7 4. Bc4 Bg4 5. f3 Bf5 6. Nc3 Nbd7 7. Nge2 Nb6
8. d3 Nxc4 9. dxc4 e6 10. Ng3 Bg6 11. Bg5 Qe7 12. Nge4 O-O-O 13. O-O h6 14.
Bxf6 gxf6 15. Qd4 c5 16. Qf2 Qc7 17. Nb5 Qb6 18. a4 a5 19. b4 Bxe4 20. bxa5
Qxa5 21. fxe4 Be7 22. Rfd1 exd5 23. exd5 Qa6 24. d6 Bxd6 25. Nxd6+ Rxd6 26.
Qxc5+ Rc6 27. Qf5+ Kb8 28. Rd7 Rhc8 29. Qb5 Qa7+ 30. Kf1 Rxc4 31. Rd2 Rf4+ 0-1

[Event "XLII Festival A"]
[Site "Imperia ITA"]
[Date "2000.09.10"]
[Round "9"]
[White "Hocevar, Nikola"]
[Black "Blasco, Domenico"]
[WhiteElo "2167"]
[BlackElo "2070"]
[Result "1-0"]
[PlyCount "111"]
[EventDate "2000.09.03"]

1. c4 c5 2. Nf3 Nc6 3. d4 cxd4 4. Nxd4 g6 5. e3 Bg7 6. Be2 Qb6 7. Nb3 Nf6 8.
Nc3 O-O 9. O-O d6 10. e4 Bd7 11. Bg5 Qd8 12. Rc1 b6 13. Qd2 Bc8 14. f3 Ba6 15.
Nd5 Nxd5 16. exd5 Ne5 17. Nd4 Rc8 18. b3 Bb7 19. Rfe1 Re8 20. f4 Nd7 21. Bg4
Ra8 22. Re2 Bf6 23. Nc6 Bxc6 24. dxc6 Nc5 25. b4 Bxg5 26. fxg5 Na6 27. a3 Nc7
28. Rce1 e6 29. Bf3 Qe7 30. Rd1 Red8 31. Qe3 Rac8 32. b5 Qf8 33. Red2 Qe7 34.
a4 e5 35. Bd5 Ne6 36. Bxe6 Qxe6 37. Rd5 Kf8 38. Rf1 Rc7 39. h3 Kg7 40. Rf6 Qe7
41. Qd2 e4 42. Rfxd6 Rxd6 43. Rxd6 Rc8 44. Qd4+ Kg8 45. Qf6 Qf8 46. c7 Rxc7 47.
Rd8 Rxc4 48. Qe7 Qxd8 49. Qxd8+ Kg7 50. a5 bxa5 51. Qxa5 Rc5 52. h4 h5 53. Kf2
Kg8 54. Ke3 Re5 55. Qd8+ Kh7 56. Qc7 1-0

[Event "XLII Festival A"]
[Site "Imperia ITA"]
[Date "2000.09.10"]
[Round "9"]
[White "Jandovsky, Viktor"]
[Black "Pienabarca, Nicola"]
[WhiteElo "2195"]
[BlackElo "2030"]
[Result "0-1"]
[PlyCount "90"]
[EventDate "2000.09.03"]

1. e4 e6 2. d4 d5 3. Nc3 Nf6 4. e5 Nfd7 5. f4 c5 6. Nf3 Nc6 7. Be3 Qb6 8. a3
Be7 9. Na4 Qa5+ 10. Nc3 O-O 11. Qd2 f6 12. exf6 Nxf6 13. Be2 Bd7 14. g3 Rac8
15. h4 Be8 16. dxc5 Bxc5 17. Bxc5 Qxc5 18. Bd3 Bh5 19. Rf1 Ng4 20. Na4 Qd6 21.
O-O-O e5 22. Nc3 exf4 23. gxf4 d4 24. Ng5 Kh8 25. Be2 h6 26. Rg1 Qxf4 27. Qxf4
Rxf4 28. Ne6 Rf2 29. Bxg4 Bxg4 30. Rxg4 dxc3 31. bxc3 Ne5 32. Re4 Nc4 33. h5
Nxa3 34. Kb2 Nc4+ 35. Ka1 Nb6 36. Rd8+ Rxd8 37. Nxd8 Rxc2 38. Re8+ Kh7 39. Ne6
Nd5 40. Nf8+ Kg8 41. Kb1 Kf7 42. Rd8 Rxc3 43. Ng6 Nf6 44. Rb8 Rc7 45. Nf4 Ke7
0-1

[Event "XLII Festival A"]
[Site "Imperia ITA"]
[Date "2000.09.10"]
[Round "9"]
[White "Luciani, Carlo"]
[Black "Jurek, Josef"]
[WhiteElo "2225"]
[BlackElo "2329"]
[Result "0-1"]
[PlyCount "84"]
[EventDate "2000.09.03"]

1. e4 e6 2. d4 d5 3. Nd2 Nf6 4. e5 Nfd7 5. c3 c5 6. Bd3 Nc6 7. Ne2 cxd4 8. cxd4
f6 9. exf6 Qxf6 10. Nf3 h6 11. O-O Bd6 12. Bc2 O-O 13. Qd3 Rd8 14. Qh7+ Kf7 15.
a3 Nf8 16. Qd3 Kg8 17. g3 Bd7 18. Bf4 Be8 19. Rfe1 Bg6 20. Qb3 Bxc2 21. Qxc2
Bxf4 22. gxf4 Ng6 23. Ne5 Nxf4 24. Nxc6 Qg5+ 25. Ng3 bxc6 26. Re3 Rf8 27. Kh1
Nh3 28. Rae1 Nxf2+ 29. Kg2 Ne4 30. Qxc6 Rf2+ 31. Kg1 Raf8 32. Qxe6+ Kh8 33.
Rxe4 dxe4 34. Qxe4 Rxb2 35. Qe7 Qf4 36. Qe3 Qg4 37. Qe4 Qh3 38. Re2 Rxe2 39.
Qxe2 Qd7 40. Qe4 Qe8 41. Qd3 Qe1+ 42. Kg2 Rf2+ 0-1

[Event "XLII Festival A"]
[Site "Imperia ITA"]
[Date "2000.09.10"]
[Round "9"]
[White "Lukes, Ladislav"]
[Black "Wurm, Christoph"]
[WhiteElo "2122"]
[BlackElo "2156"]
[Result "0-1"]
[PlyCount "82"]
[EventDate "2000.09.03"]

1. e4 c5 2. Nf3 Nc6 3. d4 cxd4 4. Nxd4 e6 5. Nb5 d6 6. Bf4 e5 7. Be3 Be7 8. c4
Nf6 9. N1c3 a6 10. Na3 O-O 11. Be2 Be6 12. O-O Rc8 13. f3 Kh8 14. Qd2 Ne8 15.
Nc2 g6 16. Rad1 f5 17. exf5 gxf5 18. f4 Nf6 19. h3 Qe8 20. Kh1 Rg8 21. Bg1 Qg6
22. Rf2 Rg7 23. Bh2 Rcg8 24. Qe3 Qh6 25. b3 Qh4 26. Bf3 e4 27. Be2 Rg3 28. Bxg3
Rxg3 29. Qd2 Rxc3 30. Qxc3 Qxf2 31. Rxd6 Qxe2 32. Ne3 Kg8 33. Rxe6 Qd3 34. Qxd3
exd3 35. Nxf5 d2 36. Ne3 Kf7 37. f5 Nd8 38. Re5 Bd6 39. Ra5 Nc6 40. Ra4 Ne4 41.
Nd1 Bc5 0-1

[Event "XLII Festival A"]
[Site "Imperia ITA"]
[Date "2000.09.10"]
[Round "9"]
[White "Malano, Francesco"]
[Black "Egartner, Wolfgang"]
[WhiteElo "2028"]
[BlackElo "2166"]
[Result "1-0"]
[PlyCount "107"]
[EventDate "2000.09.03"]

1. Nf3 d5 2. b3 Nf6 3. Bb2 e6 4. e3 Bd6 5. d4 O-O 6. Nbd2 b6 7. Bd3 c5 8. O-O
Nbd7 9. c4 a5 10. a4 Ba6 11. Rc1 Qe7 12. Ne5 Rfc8 13. Qe2 cxd4 14. exd4 Ba3 15.
Bxa3 Qxa3 16. Rfe1 Qd6 17. Ndf3 dxc4 18. bxc4 Bb7 19. Rcd1 Bxf3 20. Qxf3 Nf8
21. Be4 Ra7 22. Bc6 Rac7 23. Bb5 Ne8 24. h3 Ng6 25. Nxg6 hxg6 26. d5 e5 27. Qg3
Re7 28. Re3 e4 29. Qg4 f5 30. Qe2 Nf6 31. Rb3 Kf7 32. Bc6 Rb8 33. Rdb1 Nd7 34.
Qe3 f4 35. Qd4 Qe5 36. Qxe5 Nxe5 37. d6 Ra7 38. Bd5+ Kf6 39. Rxb6 Rxb6 40. Rxb6
Nd7 41. Rc6 Ra8 42. Rc7 Rb8 43. c5 Ke5 44. Bb7 Kd4 45. c6 Nc5 46. d7 e3 47.
fxe3+ fxe3 48. Ba6 Nd3 49. Bxd3 Kxd3 50. Rb7 e2 51. Rb1 Ke3 52. Kh2 Rf8 53. c7
Rf1 54. d8=Q 1-0

[Event "XLII Festival A"]
[Site "Imperia ITA"]
[Date "2000.09.10"]
[Round "9"]
[White "Melich, Jindrich"]
[Black "Machalek, Bedrich"]
[WhiteElo "2150"]
[BlackElo "2055"]
[Result "1-0"]
[PlyCount "95"]
[EventDate "2000.09.03"]

1. b4 e5 2. Bb2 d6 3. c4 Be6 4. e3 Nd7 5. Nf3 c6 6. Be2 Be7 7. d4 e4 8. Nfd2 d5
9. b5 f5 10. Nc3 Ngf6 11. g3 O-O 12. Qb3 Qa5 13. O-O Qb4 14. c5 Qa5 15. Qa4 Qc7
16. bxc6 bxc6 17. Ba3 a5 18. Rab1 Rab8 19. Rxb8 Nxb8 20. Rb1 Bc8 21. Qb3 Nbd7
22. Na4 h5 23. Bb2 Kh7 24. Bc3 h4 25. Nb6 hxg3 26. fxg3 g5 27. Bxa5 f4 28. exf4
gxf4 29. gxf4 Nxb6 30. cxb6 Qxf4 31. Nf1 Bd6 32. Be1 Rg8+ 33. Bg3 Bh3 34. Kh1
Qg5 35. b7 Ng4 36. Bxg4 Qxg4 37. Qe3 Rf8 38. Nd2 Bf4 39. Qxf4 Rxf4 40. b8=Q Qe2
41. Qc7+ Kg6 42. Qxc6+ Rf6 43. Qe8+ Kg5 44. Rg1 Rf1 45. Qg8+ Kh5 46. Qh7+ Kg5
47. Bh4+ Kf4 48. Bg5# 1-0

[Event "XLII Festival A"]
[Site "Imperia ITA"]
[Date "2000.09.10"]
[Round "9"]
[White "Mlynek, Petr"]
[Black "Zedek, Alois"]
[WhiteElo "2200"]
[BlackElo "2157"]
[Result "0-1"]
[PlyCount "153"]
[EventDate "2000.09.03"]

1. d4 d5 2. c4 c6 3. cxd5 cxd5 4. Nf3 Nc6 5. Nc3 Nf6 6. Bf4 e6 7. e3 Bb4 8. Bd3
Ne4 9. Rc1 f5 10. O-O O-O 11. Qb3 Bd6 12. Bxd6 Qxd6 13. a3 Bd7 14. Na4 Na5 15.
Qd1 Rac8 16. Nc5 Be8 17. b4 b6 18. Nxe6 Qxe6 19. bxa5 Bh5 20. Ba6 Rxc1 21. Qxc1
bxa5 22. Bb7 Rd8 23. Qc7 Qb6 24. Qxb6 axb6 25. Rb1 Rd6 26. Ne5 Be8 27. Rc1 Kf8
28. Rc8 Ke7 29. Rc7+ Kf6 30. h4 b5 31. f3 Nd2 32. g4 fxg4 33. Nxg4+ Kg6 34.
Ne5+ Kh6 35. Ng4+ Kh5 36. Rxg7 Nxf3+ 37. Kf2 Nxh4 38. Ne5 Bg6 39. Rc7 b4 40.
axb4 axb4 41. Rc5 b3 42. Rb5 Bc2 43. Bxd5 Nf5 44. Bxb3 Bxb3 45. Rxb3 Nxd4 46.
exd4 Rxd4 47. Rg3 Ra4 48. Ke3 Kh4 49. Rg1 Kh5 50. Kf3 Rb4 51. Nd3 Ra4 52. Nf2
Kh6 53. Ne4 Ra6 54. Kf4 Rg6 55. Ra1 Rb6 56. Rg1 Rg6 57. Ng3 Kg7 58. Nf5+ Kf6
59. Ra1 Rg2 60. Ra6+ Kf7 61. Nd6+ Ke7 62. Ke5 Re2+ 63. Ne4 h5 64. Ra7+ Kf8 65.
Kf5 Rb2 66. Nd6 Rb6 67. Rd7 h4 68. Kf6 Kg8 69. Kg6 Kf8 70. Kg5 h3 71. Nf5 h2
72. Rh7 Rb2 73. Ne3 Kg8 74. Rh4 Rb5+ 75. Nf5 Rb2 76. Kf6 Rb6+ 77. Ke7 0-1

[Event "XLII Festival A"]
[Site "Imperia ITA"]
[Date "2000.09.10"]
[Round "9"]
[White "Mozny, Milos"]
[Black "Van Hoolandt, Patrick"]
[WhiteElo "2414"]
[BlackElo "2169"]
[Result "1-0"]
[PlyCount "57"]
[EventDate "2000.09.03"]

1. d4 Nf6 2. g3 e6 3. Bg2 c5 4. Nf3 Nc6 5. O-O d5 6. b3 cxd4 7. Nxd4 Bd7 8. Bb2
Be7 9. Nd2 O-O 10. N4f3 Rc8 11. c4 Re8 12. Rc1 Bf8 13. a3 a5 14. Re1 d4 15. e3
dxe3 16. Rxe3 e5 17. Nxe5 Nxe5 18. Rxe5 Rxe5 19. Bxe5 Bxa3 20. Ra1 Bg4 21. Qc2
Bc5 22. Ne4 Bf5 23. Nxf6+ Qxf6 24. Qb2 Qb6 25. Bxg7 Bxf2+ 26. Qxf2 Qxf2+ 27.
Kxf2 Kxg7 28. Rxa5 Bc2 29. Rb5 1-0

[Event "XLII Festival A"]
[Site "Imperia ITA"]
[Date "2000.09.10"]
[Round "9"]
[White "Papan, Cyril"]
[Black "Frank, Albert"]
[WhiteElo "2208"]
[BlackElo "2014"]
[Result "1-0"]
[PlyCount "85"]
[EventDate "2000.09.03"]

1. d4 c5 2. d5 e5 3. c4 d6 4. Nc3 Be7 5. e4 Bg5 6. Nge2 Bxc1 7. Qxc1 Nf6 8. Ng3
O-O 9. b3 a6 10. Bd3 Ne8 11. Qd2 Qh4 12. Nd1 b5 13. Ne3 bxc4 14. Ngf5 Qf4 15.
Ne7+ Kh8 16. Nxc4 Qxd2+ 17. Kxd2 Bd7 18. Nb6 Ra7 19. Nxd7 Rxd7 20. Nf5 Rb7 21.
Rhb1 g6 22. Ne3 Nc7 23. a3 f5 24. f3 fxe4 25. Bxe4 Nb5 26. b4 Nd4 27. bxc5 Nb3+
28. Kc3 Nxc5 29. Rxb7 Nxb7 30. Kb4 Rc8 31. Ra2 Kg7 32. Rc2 Rxc2 33. Bxc2 Kf6
34. Ba4 Ke7 35. Bc6 Nd8 36. Ba4 Nb7 37. Nc4 Nc5 38. Bc2 Nb7 39. h4 Nd7 40. Na5
Nxa5 41. Kxa5 Nc5 42. Kb6 Kd7 43. g4 1-0

[Event "XLII Festival A"]
[Site "Imperia ITA"]
[Date "2000.09.10"]
[Round "9"]
[White "Payen, Arnaud"]
[Black "Kljako, Damir"]
[WhiteElo "2354"]
[BlackElo "2258"]
[Result "1/2-1/2"]
[PlyCount "25"]
[EventDate "2000.09.03"]

1. e4 g6 2. d4 Bg7 3. Nc3 d6 4. g3 Nc6 5. d5 Ne5 6. h3 c6 7. Bg2 cxd5 8. Nxd5
e6 9. Nc3 Ne7 10. Nge2 O-O 11. O-O a6 12. a4 Qc7 13. b3 1/2-1/2

[Event "XLII Festival A"]
[Site "Imperia ITA"]
[Date "2000.09.10"]
[Round "9"]
[White "Poloch, Petr"]
[Black "Massa, Giovanni"]
[WhiteElo "2323"]
[BlackElo "2132"]
[Result "1-0"]
[PlyCount "71"]
[EventDate "2000.09.03"]

1. e4 c5 2. Nf3 e6 3. d3 d5 4. Nbd2 Nc6 5. g3 Bd6 6. Bg2 Nge7 7. O-O O-O 8. Nh4
Bc7 9. f4 f6 10. c3 b6 11. exd5 exd5 12. Ndf3 Be6 13. d4 c4 14. h3 Qd7 15. g4
b5 16. f5 Bf7 17. Qc2 h6 18. Bh1 Bd6 19. Be3 b4 20. Qd2 Rfe8 21. Bxh6 gxh6 22.
Qxh6 Nc8 23. Qxf6 Qe7 24. Qxe7 Rxe7 25. g5 Nb6 26. g6 Be8 27. f6 Re2 28. Rf2
Rxf2 29. Kxf2 Bd7 30. Ng5 Bf4 31. Nh7 Bxh3 32. Re1 Nd7 33. Nf5 Bxf5 34. Re8+
Rxe8 35. f7+ Kg7 36. fxe8=Q 1-0

[Event "XLII Festival A"]
[Site "Imperia ITA"]
[Date "2000.09.10"]
[Round "9"]
[White "Scarenzio, Renato"]
[Black "Svacina, Petr"]
[WhiteElo "2024"]
[BlackElo "2094"]
[Result "1/2-1/2"]
[PlyCount "109"]
[EventDate "2000.09.03"]

1. d4 Nf6 2. c4 d6 3. Nc3 e5 4. d5 c5 5. e4 Be7 6. f3 a6 7. Bd3 Nh5 8. Nge2 Bg5
9. O-O Bxc1 10. Qxc1 g5 11. Qc2 Nd7 12. Rad1 Nf8 13. Qb3 Rb8 14. Bc2 Ng6 15. a3
g4 16. fxg4 Bxg4 17. h3 Bd7 18. Rf2 Rg8 19. Kf1 Qh4 20. Qb6 Ke7 21. Qc7 Rgc8
22. Rxf7+ Kxf7 23. Qxd7+ Qe7 24. Qg4 Nf6 25. Qf5 Kg7 26. Ke1 Rf8 27. Ng3 Ne8
28. Qg4 Qh4 29. Qxh4 Nxh4 30. Rd2 Nf6 31. Ba4 Kg6 32. Re2 Rf7 33. Rf2 Rbf8 34.
b4 b6 35. bxc5 bxc5 36. Bc2 Rb8 37. Bd1 Rfb7 38. Nge2 Kg7 39. Ba4 Rb2 40. g3
Ng6 41. Kd1 Nh5 42. Rf5 Nf6 43. Rf2 Rf8 44. Kc1 Rbb8 45. g4 Ng8 46. Rxf8 Rxf8
47. Ng3 Nh4 48. Nf5+ Nxf5 49. exf5 h5 50. Ne4 hxg4 51. hxg4 Nf6 52. Nxd6 Nxg4
53. Kd2 Rh8 54. Ne4 Rh2+ 55. Ke1 1/2-1/2

[Event "XLII Festival A"]
[Site "Imperia ITA"]
[Date "2000.09.10"]
[Round "9"]
[White "Schmitt, Thomas"]
[Black "Semeria, Marco"]
[WhiteElo "2223"]
[BlackElo "2063"]
[Result "1/2-1/2"]
[PlyCount "80"]
[EventDate "2000.09.03"]

1. e4 c5 2. Nf3 Nc6 3. d4 cxd4 4. Nxd4 Nf6 5. Nc3 d6 6. Bg5 e6 7. Qd2 Be7 8.
O-O-O a6 9. f4 Nxd4 10. Qxd4 Qa5 11. Bc4 O-O 12. Rhe1 b5 13. Bb3 b4 14. Na4 Bb7
15. f5 e5 16. Qb6 Qxb6 17. Nxb6 Rad8 18. Bxf6 Bxf6 19. Bd5 Bxd5 20. Rxd5 Bg5+
21. Kb1 g6 22. g4 gxf5 23. exf5 Kg7 24. Re4 h5 25. Rxb4 hxg4 26. Rxg4 Kf6 27.
Ra4 Kxf5 28. Rxa6 Rh8 29. Nc4 Be7 30. Rd2 d5 31. Rf2+ Ke4 32. Re2+ Kf3 33. Rxe5
dxc4 34. a4 Bd6 35. Rf5+ Ke4 36. Rxf7 Rxh2 37. a5 Kd5 38. Rf5+ Ke6 39. Rg5 Re2
40. Rc6 Re4 1/2-1/2

[Event "XLII Festival A"]
[Site "Imperia ITA"]
[Date "2000.09.10"]
[Round "9"]
[White "Zlochevskij, Alexander"]
[Black "Spinelli, Doriano"]
[WhiteElo "2450"]
[BlackElo "2189"]
[Result "1-0"]
[PlyCount "59"]
[EventDate "2000.09.03"]

1. d4 d5 2. c4 e6 3. Nc3 Be7 4. Nf3 Nf6 5. Bf4 O-O 6. e3 c5 7. dxc5 Bxc5 8. a3
Nc6 9. b4 Be7 10. cxd5 exd5 11. Be2 a6 12. O-O Bf5 13. Nd4 Nxd4 14. Qxd4 Qd7
15. Rfd1 Rfd8 16. Bf3 Be6 17. Be5 Rac8 18. Qd2 b5 19. h3 Qb7 20. Qd3 Qd7 21.
Rac1 Rc4 22. Qb1 Qc8 23. Be2 Rc6 24. Qb2 d4 25. Rxd4 Rxd4 26. exd4 Bd6 27. d5
Nxd5 28. Nxd5 Bxd5 29. Rxc6 Qxc6 30. Qd4 1-0